Normal view
MARC view
Entry Chronological Term
001 - CONTROL NUMBER
- control field: 6227
003 - CONTROL NUMBER IDENTIFIER
- control field: OSt
005 - DATE AND TIME OF LATEST TRANSACTION
- control field: 20151119153441.0
008 - FIXED-LENGTH DATA ELEMENTS
- fixed length control field: 151119|| aca||aabn | a|a d
040 ## - CATALOGING SOURCE
- Original cataloging agency: OSt
- Transcribing agency: OSt
148 ## - HEADING--CHRONOLOGICAL TERM
- Chronological term: Mental health.
670 ## - SOURCE DATA FOUND
- Source citation: Work cat.: (OSt): Davies,Teifion;Craig,TKJ. 6223, ABC of Mental Health.
